| 000 | 00687nam a22002057a 4500 | ||
|---|---|---|---|
| 999 |
_c9849 _d9849 |
||
| 003 | AR-CdUCM | ||
| 008 | 190328b ||||| |||| 00| 0 spa d | ||
| 040 |
_aMUNICIPALIDAD PROVINCIAL DEL CUSCO _cBIBLIOTECA MUNICIPAL DEL CUSCO |
||
| 082 |
_a985.02 / _bM22E / 1870 |
||
| 245 | _aEl Pais del Oro / | ||
| 260 |
_aMadrid : _bImp. de Santos Larxé, _c1869. |
||
| 300 |
_a3 t. ; _bIlustraciones, _c20 cm. |
||
| 505 | _aContenido : t.1: Un rey impío... -- t.2: El tigre y el león... -- t.3: La conquista del Perú... | ||
| 650 |
_aConquista _91045 |
||
| 650 |
_aHistoria _9246 |
||
| 650 |
_aPerú _92178 |
||
| 700 |
_aUrbano Manini (editor) _926339 |
||
| 942 |
_2ddc _cLIBROS |
||
| 945 | _admma | ||